000 00693nam a2200241Ia 4500
003 OSt
005 20221006164349.0
006 a|||||r|||| 00| 0
007 ta
008 221006b |||||||| |||| 00| 0 eng d
024 _a947
037 _cTextual
040 _aFML
_cFML
_beng
041 _2eng
_aeng
082 _aY71:1, K3.1
100 _aHawker Jauquetta Au.
_9677267
245 0 _aHistory of Mankind
_b Prehistory and Begenning of Civilization
260 _aNew York
_bHorper & Row
_c1963
300 _a47, 874
_ccm.
700 _a Woolley Au.
_9677268
942 _hY71:1, K3.1
_cTEXL
_2CC
999 _c1117001
_d1117001